| 000 | 00680nam a22002057a 4500 | ||
|---|---|---|---|
| 999 |
_c11524 _d11524 |
||
| 003 | AR-CdUCM | ||
| 008 | 190404b ||||| |||| 00| 0 spa d | ||
| 040 |
_aMUNICIPALIDAD PROVINCIAL DEL CUSCO _cBIBLIOTECA MUNICIPAL DEL CUSCO |
||
| 082 |
_a838.903 / 1941 / _bV21 |
||
| 100 |
_aValtin, Jan _97605 |
||
| 245 | _aLa noche quedó atrás / | ||
| 260 |
_aBuenos Aires : _bEditorial Claridad, _c1941. |
||
| 300 |
_a695 páginas ; _c20 cm. |
||
| 505 | _aContenido: La llamaron Aurora -- La danza de las tinieblas -- La noche de los cuchillos largos. | ||
| 650 |
_aLiteratura alemana _993 |
||
| 650 |
_aSiglo XX _98 |
||
| 650 |
_aNovelas _9218 |
||
| 942 |
_2ddc _cLIBROS |
||
| 945 | _adavv | ||